The story of the Pakistan Air Force (Record no. 297596)

000 -LEADER
fixed length control field 00228 a2200097 4500
001 - CONTROL NUMBER
control field 62523
082 ## - DEWEY DECIMAL CLASSIFICATION NUMBER
Classification number 954.9358 PAF
090 ## - LOCALLY ASSIGNED LC-TYPE CALL NUMBER (OCLC); LOCAL CALL NUMBER (RLIN)
-- 37166
-- 37166
245 ## - TITLE STATEMENT
Title The story of the Pakistan Air Force
260 ## - PUBLICATION, DISTRIBUTION, ETC.
Place of publication, distribution, etc. PAF
Name of publisher, distributor, etc. PAF Book Club
942 ## - ADDED ENTRY ELEMENTS (KOHA)
Institution code [OBSOLETE] NUST-CAE
Call number prefix 954.9358 PAF
Holdings
Withdrawn status Lost status Damaged status Not for loan Collection code Permanent Location Current Location Date acquired Total Checkouts Full call number Barcode Date last seen Price effective from Koha item type
          College of Aeronautical Engineering (CAE) College of Aeronautical Engineering (CAE) 04/03/2017   954.9358 PAF CAEG-6081 04/05/2017 04/05/2017 Book
© 2023 Central Library, National University of Sciences and Technology. All Rights Reserved.